| 000 | 00472nam a2200181Ia 4500 | ||
|---|---|---|---|
| 001 | 43981 | ||
| 008 | 140425s9999 xx 000 0 und d | ||
| 020 | _aNA | ||
| 040 | _cPK-LaUMT | ||
| 082 |
_aRHC 303.625 _bVIO- |
||
| 100 | _aAzhar Ali Rizvi | ||
| 245 |
_aViolence, terrorism & social responsibility _cAzhar Ali Rizvi |
||
| 260 |
_aLahore,Pakistan: _bInstitute of Muslim Psychology, _c2004 |
||
| 300 | _a129 p. | ||
| 546 | _aEN | ||
| 650 | _aTerrorism | ||
| 942 | _cBK | ||
| 999 |
_c41981 _d41981 |
||